MARC

LEADER 00000nam0a2200000 4500
001 254783
005 20231101232951.0
010 |a 5020079723 
020 |a RU  |b 89-40213ж 
035 |a (RuTPU)RU\TPU\book\277272 
090 |a 254783 
100 |a 20140324a1989 k y0rusy5003 ca 
101 0 |a rus 
102 |a RU 
105 |a y z 001zy 
200 1 |a Системные исследования  |a Методологические проблемы  |e Ежегодник 1989  |f Академия наук СССР (АН СССР), Всесоюзный научно-исследовательский институт системных исследований (ВНИИСИ) ; под ред. Д. М. Гвишиани 
210 |a Москва  |c Наука  |d 1989 
215 |a 332 с. 
320 |a Библиогр. в конце гл. 
606 1 |a Системные исследования  |2 stltpush  |3 (RuTPU)RU\TPU\subj\68146  |9 83647 
610 1 |a системный анализ 
610 1 |a информационные процессы 
610 1 |a научно-технический прогресс 
610 1 |a социально-экономические проблемы 
610 1 |a культура 
610 1 |a научные знания 
610 1 |a синергетика 
610 1 |a методология 
610 1 |a наука 
610 1 |a ежегодники 
686 |a Ч215  |2 rubbk 
702 1 |a Гвишиани  |b Д. М.  |4 340 
712 0 2 |a Академия наук СССР (АН СССР)  |b Всесоюзный научно-исследовательский институт системных исследований (ВНИИСИ)  |c (Москва)  |c (1886-1991)  |2 stltpush  |3 (RuTPU)RU\TPU\col\259 
801 0 |a RU  |b RuMRKP  |c 19950417  |g psbo 
801 1 |a RU  |b 63413507  |c 20140324 
801 2 |a RU  |b 63413507  |c 20140620  |g RCR 
942 |c BK